| 000 | 00685nam a2200205 i 4500 | ||
|---|---|---|---|
| 001 | 120121 | ||
| 003 | ES-MaACL | ||
| 005 | 20230906191453.0 | ||
| 007 | t| | ||
| 008 | 070214s1963 sp |||| | spa d | ||
| 100 | 1 |
_aPérez de Vega, Francisco. _990814 |
|
| 245 | 1 | 3 |
_aLa nación achagua _b: (bosquejo histórico lingüístico) / _cF. Pérez de Vega. |
| 246 | 3 | _aSubtít. de cub.: Pueblos aborígenes americanos | |
| 260 |
_aMadrid : _bCiencia, _c1963. |
||
| 300 |
_a34 p. ; _c24 cm. |
||
| 650 | 1 | 4 |
_aLengua achagua. _914079 |
| 650 | 1 | 4 |
_aAchaguas (Indios)- _xHistoria. _9162854 |
| 852 |
_aES-MaACL _j2068-F-3 |
||
| 852 |
_aES-MaACL _jC-46704 _z. - Dedicatoria autógrafa del autor |
||
| 999 |
_c120121 _d120121 |
||